000 00784nam a2200253 a 4500
001 596
003 BR-CuiBMT
005 20231110220435.0
008 230804s2006 rjb 000 0 por d
020 _a8573879459
040 _aBR-CuiBMT
_cBR-CuiBMT
080 _a343.1:342.7
_22007
090 _a343.1:342.7
_bL864d
100 1 _aLopes Junior, Aury
245 1 _aDireito ao processo penal no prazo razoável /
_cAury Lopes Junior, Gustavo Henrique Richi Ivahy Badaró.
260 _aRio de Janeiro :
_bLumen Juris,
_c2006.
300 _a205 p. ;
_c21 cm
504 _aInclui bibliografia.
650 _aDireitos humanos
650 _aDireitos e garantias individuais
650 _aDireito processual penal
700 _aBadaró, Gustavo Henrique Richi Ivahy
942 _2udc
_cLV
999 _c596
_d596